000 00436nam a2200181Ia 4500
001 13547
005 20260306164809.0
008 260306t2014||||xx |||||||||||||| ||spa||
041 _aESP
082 _a004.6
_bS78C
100 _aStallings, William
_eAUT
245 0 _aData and computer communications
260 _c2014
300 _axxiii, 888 páginas :
_c24 cm.
650 _aGEN
654 _aCCC
942 _cLIB
_dJUS
_fJUS
_2ddc
_n
999 _c13547
_d13547